Pays d'Asie - Mort subite - Statistiques

Statistiques générales
  • Ce quiz a été pris 1 716 fois
  • Le résultat moyen est 11 sur 15
Answers on the Grid
Answers color-coded by a green-red scale on the quiz's grid according to % correct below.
Chine
Corée du nord
Laos
Philippines
Suriname
Palaos
Timor oriental
Seychelles
Vanuatu
Ouzbékistan
Comores
Syrie
Djibouti
Bhoutan
Birmanie
Ouganda
Bahrein
Singapour
Moldavie
Tanzanie
Bolivie
Togo
Taiwan
Gambie
Yemen
Burundi
Oman
Kosovo
Mauritanie
Koweit
 
Statistiques - réponses
Réponse % Correct
Chine
99%
Corée du nord
95%
Philippines
88%
Laos
87%
Ouzbékistan
75%
Singapour
68%
Taiwan
67%
Bhoutan
63%
Syrie
63%
Yemen
63%
Timor oriental
62%
Birmanie
61%
Koweit
60%
Bahrein
58%
Oman
58%
Aucun quiz correspondant
Distribution des résultats
% des personnes avec chaque résultat
Percentile par nombre de réponses
Votre historique - résultats
Vous n’avez pas pris ce quiz